00623nam a2200193 a 450000100060000000300090000600800410001502000180005604000280007408200170010210000180011924500670013726000300020430000100023450501160024465000280036065000240038865000170041222778CO-ViMGA141112s2004 ck r 000 u spa d a9789701040218 aCO-ViMGAbspacCO-ViMGA04a616.89 C656i1 aCompas, Bruce10aIntroducción a la psicologia clínica ciencia y práctica aMéxico : bMc Graw Hill a561p. aIntroduccion al area, Evaluacion psicologica, Intervencion psicologica : promocion, prevencion y psicoterapia, 14aEVALUACION PSICOLOGICA 14aPSICOLOGIA CLINICA 14aPSICOTERAPIA